00908nam a22002534i 4500999001500000001001900015003000400034005001700038008004100055017004400096020001800140040002900158100002900187245013400216264003600350300002700386490001300413651005100426830002400477908000800501940000800509942001300517952012400530 c7867d7867991061097876406706OSt20240221130202.0240217e2024 spc 000 0 cat c aDL B 1422-2024bBiblioteca de Catalunya a9788411730402 aES-BaBABbcaterdacCDMR1 aAndrés Gallart, Oriol,10aSíria, els rostres de la revolució :bhistòries de resistència civil al cor de l'Orient Mitjà /cOriol Andrés Gallart 1aBarcelona :bAra Llibres,c2024 a318 pàgines ;c23 cm1 aArapausa 094938aSíriaxHistòriay2011-, Guerra Civil 0aPausa (Ara Llibres) aBAB aBAB 2udccMON 00104070aCDMRbCDMRd2024-02-21eDonacióg22.00l1oDj /161pCDMR24020013r2025-01-13s2024-12-19w2024-02-21yMON